| 000 | 00777nam a22002537a 4500 | ||
|---|---|---|---|
| 003 | dpl | ||
| 005 | 20180809124213.0 | ||
| 008 | 180809b xxu||||| |||| 00| 0 eng d | ||
| 010 | _aB-121560 | ||
| 016 | _aB-121560 | ||
| 020 |
_a8176295078 _c0.00 |
||
| 035 | _aB-121560 | ||
| 037 | _bBPPD/PUB | ||
| 040 | _c0 | ||
| 082 | 1 | 4 | _a302.23 |
| 100 | 1 | _aSharma, Diwakar | |
| 245 | 1 |
_aMass communication : _cby Diwakar Sharma, H.P. Gupta _bTheory and practice in the 21st century / |
|
| 260 |
_aNew Delhi _bDeep and deep publications pvt.ltd _cNew delhi |
||
| 270 |
_aF-159, Rajouri garden _bNew delhi _e110027 |
||
| 300 |
_axv, 344p. _b22cm ( Hb) |
||
| 500 | _aIncludes index | ||
| 700 | _aGupta.H.P | ||
| 942 |
_adpl _cEN _k302.23 / SHA _2ddc _h302.23 _mSHA |
||
| 999 |
_c155700 _d155700 |
||